000 00508nam a2200181Ia 4500
999 _c1688
_d1688
003 OSt
005 20200928101142.0
008 190216s9999||||xx |||||||||||||| ||und||
020 _a8182400066
040 _coclc
082 _a572.80285
_bKOT/I
100 _aKothekar, V
_95042
245 0 _aIntroduction To Bioinformatics /
_cV Kothekar
260 _bDhruv Publication,
_aDelhi:
_c2004.
300 _a264p
650 _aBotany
942 _cBK
_2ddc
_h572.80285
_iKOT/I
_k572.80285
_mKOT/I